<?xml version="1.0" encoding="UTF-8"?>
<record
    xmlns:xsi="http://www.w3.org/2001/XMLSchema-instance"
    xsi:schemaLocation="http://www.loc.gov/MARC21/slim http://www.loc.gov/standards/marcxml/schema/MARC21slim.xsd"
    xmlns="http://www.loc.gov/MARC21/slim">

  <leader>03008cam a2200397Ii 4500</leader>
  <datafield tag="999" ind1=" " ind2=" ">
    <subfield code="c">28095</subfield>
    <subfield code="d">28066</subfield>
  </datafield>
  <controlfield tag="001">om74522800</controlfield>
  <controlfield tag="003">EG-ScBUE</controlfield>
  <controlfield tag="005">20200215112425.0</controlfield>
  <controlfield tag="008">180921t2019    sz a   f b    001 0 eng d</controlfield>
  <datafield tag="020" ind1=" " ind2=" ">
    <subfield code="a">9783030026523</subfield>
  </datafield>
  <datafield tag="040" ind1=" " ind2=" ">
    <subfield code="a">YDX</subfield>
    <subfield code="b">eng</subfield>
    <subfield code="e">rda</subfield>
    <subfield code="c">YDX</subfield>
    <subfield code="d">BDX</subfield>
    <subfield code="d">OCLCQ</subfield>
    <subfield code="d">UKMGB</subfield>
    <subfield code="d">LSD</subfield>
    <subfield code="d">OCLCO</subfield>
    <subfield code="d">YDXIT</subfield>
    <subfield code="d">OCLCF</subfield>
    <subfield code="d">LTSCA</subfield>
    <subfield code="d">OUP</subfield>
    <subfield code="d">EG-ScBUE</subfield>
  </datafield>
  <datafield tag="082" ind1="0" ind2="4">
    <subfield code="a">302.23</subfield>
    <subfield code="b">PAU</subfield>
    <subfield code="2">22</subfield>
  </datafield>
  <datafield tag="100" ind1="1" ind2=" ">
    <subfield code="a">Paus-Hasebrink, Ingrid,</subfield>
    <subfield code="e">author.</subfield>
  </datafield>
  <datafield tag="245" ind1="1" ind2="0">
    <subfield code="a">Social inequality, childhood and the media :</subfield>
    <subfield code="b">a longitudinal study of the mediatization of socialisation /</subfield>
    <subfield code="c">Ingrid Paus-Hasebrink, University of Salzburg, Salzburg, Austria, Jasmin Kulterer, University of Klagenfurt, Klagenfurt, Austria, Philip Sinner, University of Salzburg, Salzburg, Austria.</subfield>
  </datafield>
  <datafield tag="264" ind1=" " ind2="1">
    <subfield code="a">Cham, Switzerland :</subfield>
    <subfield code="b">Palgrave Macmillan,</subfield>
    <subfield code="c">[2019]</subfield>
  </datafield>
  <datafield tag="264" ind1=" " ind2="4">
    <subfield code="c">c2019</subfield>
  </datafield>
  <datafield tag="300" ind1=" " ind2=" ">
    <subfield code="a">xix, 314 pages :</subfield>
    <subfield code="b">illustrations ;</subfield>
    <subfield code="c">22 cm.</subfield>
  </datafield>
  <datafield tag="336" ind1=" " ind2=" ">
    <subfield code="a">text</subfield>
    <subfield code="b">txt</subfield>
    <subfield code="2">rdacontent</subfield>
  </datafield>
  <datafield tag="337" ind1=" " ind2=" ">
    <subfield code="a">unmediated</subfield>
    <subfield code="b">n</subfield>
    <subfield code="2">rdamedia</subfield>
  </datafield>
  <datafield tag="338" ind1=" " ind2=" ">
    <subfield code="a">volume</subfield>
    <subfield code="2">rdacarrier</subfield>
    <subfield code="b">nc</subfield>
  </datafield>
  <datafield tag="490" ind1="0" ind2=" ">
    <subfield code="a">Transforming communications.</subfield>
    <subfield code="a">Studies in cross-media research</subfield>
  </datafield>
  <datafield tag="500" ind1=" " ind2=" ">
    <subfield code="a">Includes appendix.</subfield>
  </datafield>
  <datafield tag="504" ind1=" " ind2=" ">
    <subfield code="a">Includes bibliographical references and index.</subfield>
  </datafield>
  <datafield tag="505" ind1="0" ind2=" ">
    <subfield code="a">1 Framing the Study -- 2 Social Inequality, Childhood and the Media -- 3 The Role of Media Within Young People's Socialisation: A Theoretical Approach -- 4 The Methodological Approach of the Long-Term Study -- 5 Family Descriptions -- 6 Socialisation in Different Socialisation Contexts -- 7 The Interplay Between Family and Media as Socialisation Contexts: Parents' Mediation Practices -- 8 The Typology of Socially Disadvantaged Families -- 9 Discussion and Conclusion -- Appendix -- Index.</subfield>
  </datafield>
  <datafield tag="520" ind1=" " ind2=" ">
    <subfield code="a">"This open access book presents a qualitative longitudinal panel-study on child and adolescent socialisation in socially disadvantaged families. The study traces how children and their parents make sense of media within the context of their everyday life over twelve years (from 2005 to 2017) and provides a unique perspective on the role of different socialisation contexts, drawing on rich data from a broad range of qualitative methods. Using a theoretical framework and methodological approach that can be applied transnationally, it sheds light on the complex interplay of factors which shape children's socialisation and media usage in multiple ways." -- Back cover.</subfield>
  </datafield>
  <datafield tag="650" ind1=" " ind2="7">
    <subfield code="a">Socialization</subfield>
    <subfield code="v">Longitudinal studies.</subfield>
    <subfield code="2">BUEsh</subfield>
  </datafield>
  <datafield tag="650" ind1=" " ind2="7">
    <subfield code="a">People with social disabilities</subfield>
    <subfield code="v">Longitudinal studies.</subfield>
    <subfield code="2">BUEsh</subfield>
  </datafield>
  <datafield tag="650" ind1=" " ind2="7">
    <subfield code="a">Mass media and social integration</subfield>
    <subfield code="v">Longitudinal studies.</subfield>
    <subfield code="2">BUEsh</subfield>
  </datafield>
  <datafield tag="653" ind1=" " ind2=" ">
    <subfield code="b">COMAME</subfield>
    <subfield code="c">February2020</subfield>
  </datafield>
  <datafield tag="655" ind1=" " ind2="7">
    <subfield code="a">Longitudinal studies.</subfield>
    <subfield code="2">fast</subfield>
    <subfield code="0">(OCoLC)fst01423812</subfield>
    <subfield code="v">Reading book</subfield>
  </datafield>
  <datafield tag="700" ind1="1" ind2=" ">
    <subfield code="a">Kulterer, Jasmin,</subfield>
    <subfield code="e">author.</subfield>
  </datafield>
  <datafield tag="700" ind1="1" ind2=" ">
    <subfield code="a">Sinner, Philip,</subfield>
    <subfield code="e">author.</subfield>
  </datafield>
  <datafield tag="942" ind1=" " ind2=" ">
    <subfield code="2">ddc</subfield>
    <subfield code="c">BB</subfield>
  </datafield>
  <datafield tag="949" ind1=" " ind2=" ">
    <subfield code="t">NONCIRC</subfield>
    <subfield code="l">_ULDEMAND</subfield>
    <subfield code="m">I-UNIVLIB</subfield>
    <subfield code="o">.PUBLIC. Books on Demand service for IUPUI University Library users only</subfield>
    <subfield code="o">.PUBLIC. Click the &#x201C;Get this for IUPUI&#x201D; button to submit a request.</subfield>
  </datafield>
  <datafield tag="952" ind1=" " ind2=" ">
    <subfield code="0">0</subfield>
    <subfield code="1">0</subfield>
    <subfield code="2">ddc</subfield>
    <subfield code="4">0</subfield>
    <subfield code="7">0</subfield>
    <subfield code="8">Alahram</subfield>
    <subfield code="a">MAIN</subfield>
    <subfield code="b">MAIN</subfield>
    <subfield code="c">1ST</subfield>
    <subfield code="d">2020-02-15</subfield>
    <subfield code="e">Purchase</subfield>
    <subfield code="g">475.00</subfield>
    <subfield code="h">487</subfield>
    <subfield code="l">0</subfield>
    <subfield code="o">302.23 PAU</subfield>
    <subfield code="p">000048665</subfield>
    <subfield code="r">2025-07-15 00:00:00</subfield>
    <subfield code="v">593.75</subfield>
    <subfield code="w">2020-02-15</subfield>
    <subfield code="y">BB</subfield>
  </datafield>
</record>
